Bevezetés egy esztétikai előadáshoz Böhm Károly hátrahagyott irataiból /

Elmentve itt :
Bibliográfiai részletek
Szerző: Böhm Károly
Dokumentumtípus: Cikk
Megjelent: 1938
Sorozat:Szellem és élet 2 No. 5
Kulcsszavak:Művészet, Esztétika
Tárgyszavak:
Online Access:http://acta.bibl.u-szeged.hu/12057
LEADER 00713nab a2200193 i 4500
001 acta12057
005 20250908145409.0
008 161015s1938 hu o 000 hun d
040 |a SZTE Egyetemi Kiadványok Repozitórium  |b hun 
041 |a hun 
100 1 |a Böhm Károly 
245 1 0 |a Bevezetés egy esztétikai előadáshoz   |h [elektronikus dokumentum] :  |b Böhm Károly hátrahagyott irataiból /  |c  Böhm Károly 
260 |c 1938 
300 |a 129-132 
490 0 |a Szellem és élet  |v 2 No. 5 
650 4 |a Bölcsészettudományok 
650 4 |a Filozófia, etika és vallástudományok 
695 |a Művészet, Esztétika 
856 4 0 |u http://acta.bibl.u-szeged.hu/12057/1/szellem_1938_005_129-132.pdf  |z Dokumentum-elérés